| 000 | 00484 a2200181 4500 | ||
|---|---|---|---|
| 020 | _a8129708671 | ||
| 040 |
_aDLC _bDLC |
||
| 082 | _a005.1 SOM | ||
| 100 | _aSommerville, Ian. | ||
| 245 |
_aSoftware engineering _cSommerville, Ian. |
||
| 250 | _a8th | ||
| 260 |
_aNew Delhi _bPearson Education _c2005 |
||
| 300 |
_axxii, 759 p _bill. _c24 cm |
||
| 440 | _aInternational computer science series | ||
| 500 | _aIncludes Index | ||
| 650 | _aSoftware engineering. | ||
| 942 |
_cBK _2ddc |
||
| 999 |
_c481037 _d481037 |
||